00559nam a22001577a 4500003000900000005001700009008004100026040001300067100003900080245010700119250001100226260005100237300001800288490003500306520006000341IT-RoPau20220918181106.0130524b xxu||||| |||| 00| 0 eng d cIT-RoPau aCentro di Promozione e Formazione  aMio canto è il Signore.bCanti per le comunità delle della Famiglia Paolina. Libro delle partiture a4° ed aRomabCentro Promozione e Formazione SSPc1994 aS.n.p.c29 cm aCentro Promozione e Formazione aIndice Avvertenze Indice alfabetico Indice analitico